书目信息 |
| 题名: |
阻燃矿物材料加工与应用
|
|
| 作者: | 张泽朋 , 梅乐夫 , 杜高翔 编著 | |
| 分册: | ||
| 出版信息: | 北京 化学工业出版社 2015.03 |
|
| 页数: | 239页 | |
| 开本: | 26cm | |
| 丛书名: | ||
| 单 册: | ||
| 中图分类: | TB34 | |
| 科图分类: | ||
| 主题词: | 防火材料--fang huo cai liao--加工--研究 | |
| 电子资源: | ||
| ISBN: | 978-7-122-22227-5 | |
| 000 | 01185nam0 2200277 450 | |
| 001 | CAL 0120151512734 | |
| 005 | 20150803153425.35 | |
| 010 | @a978-7-122-22227-5@dCNY68.00 | |
| 100 | @a20150305d2015 em y0chiy50 ea | |
| 101 | 0 | @achi |
| 102 | @aCN@b110000 | |
| 105 | @aak a 000yy | |
| 106 | @ar | |
| 200 | 1 | @a阻燃矿物材料加工与应用@Azu ran kuang wu cai liao jia gong yu ying yong@f杜高翔, 张泽朋, 梅乐夫编著 |
| 210 | @a北京@c化学工业出版社@d2015.03 | |
| 215 | @a239页@c图@d26cm | |
| 320 | @a有书目 (第页) | |
| 330 | @a本书系统介绍了氢氧化镁阻燃材料、氢氧化铝阻燃材料、有机膨润土阻燃材料、复合无机矿物阻燃材料的原料结构与特性、加工技术 (超细粉碎与精细分级、表面有机改性与无机复合) 及应用性能 ; 具体介绍了无机阻燃矿物材料在聚丙烯、聚乙烯、聚氯乙烯、电缆与光缆材料、纤维与纺织品以及橡胶材料中的应用实例及其发展趋势 ; 最后列出了建筑材料燃烧性能分级及塑料、橡胶、纺织品、木材的阻燃标准。 | |
| 586 | @a | |
| 606 | 0 | @a防火材料@Afang huo cai liao@x加工@x研究 |
| 690 | @aTB34@v5 | |
| 701 | 0 | @a张泽朋@Azhang ze peng@4编著 |
| 701 | 0 | @a梅乐夫@Amei le fu@4编著 |
| 701 | 0 | @a杜高翔@Adu gao xiang@4编著 |
| 801 | 0 | @aCN@c20150820 |
| 905 | @a河南城建学院图书馆@dTB34@eD810@f3 | |
| 阻燃矿物材料加工与应用/杜高翔, 张泽朋, 梅乐夫编著.-北京:化学工业出版社,2015.03 |
| 239页:图;26cm |
| ISBN 978-7-122-22227-5:CNY68.00 |
| 本书系统介绍了氢氧化镁阻燃材料、氢氧化铝阻燃材料、有机膨润土阻燃材料、复合无机矿物阻燃材料的原料结构与特性、加工技术 (超细粉碎与精细分级、表面有机改性与无机复合) 及应用性能 ; 具体介绍了无机阻燃矿物材料在聚丙烯、聚乙烯、聚氯乙烯、电缆与光缆材料、纤维与纺织品以及橡胶材料中的应用实例及其发展趋势 ; 最后列出了建筑材料燃烧性能分级及塑料、橡胶、纺织品、木材的阻燃标准。 |
| ● |
| 相关链接 |
|
|
|
正题名:阻燃矿物材料加工与应用
索取号:TB34/D810
 
预约/预借
| 序号 | 登录号 | 条形码 | 馆藏地/架位号 | 状态 | 备注 |
| 1 | 1161698 | 211616982 | 自科二线504/501自科库 13排4列2层/ [索取号:TB34/D810] | 在馆 | |
| 2 | 1161699 | 211616991 | 自科库501/501自科库 13排4列2层/ [索取号:TB34/D810] | 在馆 | |
| 3 | 1161700 | 211617008 | 自科二线400A/400A自科库 28排1列1层/ [索取号:TB34/D810] | 在馆 |